| 000 | 00804nam a2200217 a 4500 | ||
|---|---|---|---|
| 003 | 0 | ||
| 005 | 20250205105647.0 | ||
| 008 | 130905s19uu xx 00 eng d | ||
| 050 |
_aPHS LB 3013 _b.T161 2013 |
||
| 100 | _aTan, Ramon Rama T. | ||
| 245 |
_aOrder in the classroom: a study on the effects of effective classroom management to student behavior / _cRamon Rama T. Tan. |
||
| 260 |
_aLas PiƱas City, Philippines : _bSouthville International School and Colleges, _c2013. |
||
| 300 |
_a56 pages : _billustrations ; _c28 cm. |
||
| 504 | _aIncludes bibliographical references. | ||
| 650 | _aClassroom management. | ||
| 650 | _aDiscipline in schools. | ||
| 650 |
_aSchool environment _vBehavioral aspects. |
||
| 650 | _aStudent behavior. | ||
| 650 | _aTeaching effectiveness. | ||
| 942 |
_2lcc _cPASS |
||
| 999 |
_c99093 _d99093 |
||